[Event "UNDER 1600 WORLD CUP - Round 1 -  Group 'D'"]
[Site "SchemingMind.com"]
[Date "2008.05.04"]
[Round "-"]
[White "unluckythirtyfive"]
[Black "campbell"]
[Result "0-1"]
[WhiteCountry "USA"]
[BlackCountry "IRL"]
[WhiteElo "1550"]
[WhiteRD "106"]
[BlackElo "1643"]
[BlackRD "81"]
[GameID "152703"]

1. d4 Nf6 2. e3 d5 3. Bd3 c6 4. Nd2 Nbd7 5. f4 Nb6 6. Ngf3 Bg4 7. h3 Bh5 8. g4 Nxg4 9. hxg4 Bxg4 10. Qe2 e6
11. Qg2 h5 12. Ne5 f5 13. Ndf3 Nc4 14. Nxg4 fxg4 15. Ng5 Qf6 16. b3 Bb4+ 17. Ke2 Na3 18. Bxa3 Bxa3 19. c4 O-O-O 20. cxd5 exd5
21. Rab1 a5 22. Qg3 Bd6
0-1

[Event "UNDER 1600 WORLD CUP - Round 1 -  Group 'D'"]
[Site "SchemingMind.com"]
[Date "2008.05.04"]
[Round "-"]
[White "maro"]
[Black "campbell"]
[Result "1-0"]
[WhiteCountry "MEX"]
[BlackCountry "IRL"]
[WhiteElo "1271"]
[WhiteRD "63"]
[BlackElo "1565"]
[BlackRD "86"]
[GameID "152704"]

1. c4 d5 2. Na3 e6 3. d4 Nf6 4. e3 Ne4 5. Qe2 Nc6 6. c5 b6 7. Qc2 bxc5 8. Qa4 Bd7 9. Nb5 a6 10. Nc3 Qf6
11. Bxa6 Nb8 12. Nb5 Qxf2+ 13. Kd1 Qxg2 14. Nxc7+ Kd8 15. Qa5 Qxh1 16. Nxa8+ Ke8 17. Bb5 Qxg1+ 18. Kc2 Bxb5 19. Qxb5+ Nd7 20. Nb6 Qg2+
21. Kb3 Nf6 22. e4 Qxe4 23. Bg5 c4+ 24. Ka4 Be7 25. Bxf6 gxf6 26. Qxd7+ Kf8 27. Qc8+ Kg7 28. Rg1+ Kh6 29. Qxh8 Qxd4 30. Qg7+ Kh5
31. Qxh7#
1-0